Fortnite, trouve la saison en fonction de la map (chapitre 2). - Statistiques

Statistiques générales
  • Ce quiz a été pris 266 fois
  • Le résultat moyen est 8 sur 8
Statistiques - réponses
Par images Réponse % Correct
saison 2
99%
saison 3
99%
saison 5
99%
saison 4
98%
saison 6
98%
saison 1
97%
saison 7
97%
saison 8
97%
Aucun quiz correspondant
Distribution des résultats
% des personnes avec chaque résultat
Percentile par nombre de réponses
Votre historique - résultats
Vous n’avez pas pris ce quiz